000 00602cam a2200193 4500
001 4457
005 20181127173429.0
008 131112s2012 nyu 000 1 eng
010 _a 2012533111
020 _a9780553385953 (pbk.)
100 1 _aMartin, George R. R.
245 1 2 _aA dance with dragons /
_cGeorge R.R. Martin.
260 _aNew York :
_bHarperCollins Publishers,
_c2012.
300 _a1184 ;
_c24 cm
490 0 _aA song of fire and ice ; bk. 5.
500 _aMaps on endpapers.
655 7 _aFantasy fiction.
_2gsafd
800 _aMartin, George R. R. Song of ice and fire ; bk. 5.
_d
_q
_t
_v
999 _c3690
_d3690